Lilavati's daughters: The women scientists of india (Record no. 503144)

000 -LEADER
fixed length control field 00456cam a22001337a 4500
008 - FIXED-LENGTH DATA ELEMENTS--GENERAL INFORMATION
fixed length control field 180718b2008 xxu||||| |||| 00| 0 eng d
020 ## - INTERNATIONAL STANDARD BOOK NUMBER
International Standard Book Number 9788184650051
082 ## - DEWEY DECIMAL CLASSIFICATION NUMBER
Classification number A99x54 G541
245 ## - TITLE STATEMENT
Title Lilavati's daughters: The women scientists of india
Statement of responsibility, etc. edited by. Rohini, Godbole and Ram Ramaswamy
260 ## - PUBLICATION, DISTRIBUTION, ETC.
Place of publication, distribution, etc. India
Name of publisher, distributor, etc. Brilliant Printers
Date of publication, distribution, etc. 2008
300 ## - PHYSICAL DESCRIPTION
Extent 369p.
650 ## - SUBJECT ADDED ENTRY--TOPICAL TERM
Topical term or geographic name entry element Women scientists -- India -- Biography
700 ## - ADDED ENTRY--PERSONAL NAME
Personal name Godbole,Rohini and Ramaswamy, Ram
Holdings
Withdrawn status Lost status Damaged status Not for loan Permanent Location Current Location Date acquired Full call number Barcode Date last seen Price effective from Koha item type
        Indian Institute of Public Administration Indian Institute of Public Administration 2018-08-04 A99x54 G541 GR19597 2023-01-09 2018-08-04 GR

Powered by Koha